Abdel Krim: (Record no. 185552)

000 -LEADER
fixed length control field 01088 a2200193 4500
003 - CONTROL NUMBER IDENTIFIER
control field Nust
005 - DATE AND TIME OF LATEST TRANSACTION
control field 20221229090347.0
010 ## - LIBRARY OF CONGRESS CONTROL NUMBER
LC control number 67085758
040 ## - CATALOGING SOURCE
Transcribing agency Nust
082 ## - DEWEY DECIMAL CLASSIFICATION NUMBER
Classification number 355.02,FUR
100 ## - MAIN ENTRY--PERSONAL NAME
Personal name Furneaux, Rupert
9 (RLIN) 48725
245 ## - TITLE STATEMENT
Title Abdel Krim:
Remainder of title Emir of the Rif /
Statement of responsibility, etc. Rupert Furneaux,
260 ## - PUBLICATION, DISTRIBUTION, ETC.
Place of publication, distribution, etc. Secker & Warburg
Name of publisher, distributor, etc. London
Date of publication, distribution, etc. 1967
300 ## - PHYSICAL DESCRIPTION
Extent 253, p;
Other physical details 8 plates (incl. ports.),
Dimensions maps. 22 1/2 cm
505 ## - FORMATTED CONTENTS NOTE
Formatted contents note Kama (Page-11) The Knives are Sharpened (Page-14) The Brigand of The Jibala (Page-32) The Judge of Ajdir (Page-42) The Spaniards Invade (Page-54) The Rout of Spain (Page-67) The Rifian State (Page-76) A Special Correspondent Reports (page-97), Retreat in the East (Page-112), Rout in the West (Page-124), Americans in the Rif (Page-137), A Matter of Honour (Page-147), Explosion on the Wergha (Page-167), The Two Marshals (Page-185), The Landing at Alhucemas (Page-201) Autonomy or Independence (Page-214), The End of Our Revolution (Page-228).
600 ## - SUBJECT ADDED ENTRY--PERSONAL NAME
Personal name Furneaux, Rupert
9 (RLIN) 48725
650 ## - SUBJECT ADDED ENTRY--TOPICAL TERM
Topical term or geographic name entry element Abdel Krim: Emir of the Rif
9 (RLIN) 106305
942 ## - ADDED ENTRY ELEMENTS (KOHA)
Source of classification or shelving scheme
Koha item type Book
Call number prefix 355.02,FUR
Holdings
Withdrawn status Lost status Source of classification or shelving scheme Damaged status Not for loan Permanent Location Current Location Shelving location Date acquired Full call number Barcode Date last seen Price effective from Koha item type Public note
          Military College of Signals (MCS) Military College of Signals (MCS) General Stacks 12/12/2016 355.02,FUR MCS21497 12/08/2016 12/12/2016 Book Almirah No.52, Shelf No.1
© 2023 Central Library, National University of Sciences and Technology. All Rights Reserved.